[Event "Assiut op 06th"]
[Site "Assiut"]
[Date "2010.08.03"]
[Round "4"]
[White "Salah, Ahmed As"]
[Black "Yousry, Salah"]
[Result "0-1"]
[WhiteElo "2179"]
[BlackElo "2322"]
[PlyCount "113"]
[EventDate "2010.07.30"]
[EventType "swiss"]
[EventRounds "9"]
[EventCountry "EGY"]
[SourceTitle "CBM 137 Extra"]
[Source "ChessBase"]
[SourceDate "2010.09.01"]
[SourceVersion "1"]
[SourceVersionDate "2010.09.01"]
[SourceQuality "1"]

1. e4 d5 2. exd5 Nf6 3. d4 Bg4 4. f3 Bf5 5. Bd3 Bxd3 6. Qxd3 Qxd5 7. Nc3 Qd7 8. Nge2 e6 9. Bf4 Nc6 10. 0-0 Nb4 11. Qd2 Be7 12. a3 Nbd5 13. Be5 Nxc3 14. Qxc3 0-0 15. Rfd1 Rac8 16. Qd3 Rfd8 17. c3 a6 18. Rd2 c5 19. Rad1 c4 20. Qc2 Nd5 21. Qe4 Bg5 22. Qg4 Be3+ 23. Kh1 f6 24. Bg3 Bxd2 25. Rxd2 Ne3 26. Qe4 Nf1 27. Rd1 Nxg3+ 28. hxg3 Qd5 29. Nf4 Qxe4 30. fxe4 Kf7 31. Kg1 g5 32. Ne2 f5 33. e5 Rc5 34. Rb1 Rb5 35. Nc1 Rc8 36. Na2 h5 37. Nb4 a5 38. a4 Rxb4 39. cxb4 axb4 40. Kf2 Kg6 41. Ke3 c3 42. bxc3 Rxc3+ 43. Kd2 Rxg3 44. Rxb4 Rxg2+ 45. Kd3 h4 46. Rb6 h3 47. Rxe6+ Kh5 48. Re8 h2 49. Rh8+ Kg4 50. e6 Rg3+ 51. Kd2 Rh3 52. Rxh3 Kxh3 53. e7 h1Q 54. e8Q Qg2+ 55. Kd3 Qf1+ 56. Kc3 g4 57. d5 0-1

[Event "Egypt op"]
[Site "Egypt"]
[Date "2009.07.26"]
[Round "6"]
[White "Salah, Ahmed As"]
[Black "Mansour, Salah"]
[Result "1/2-1/2"]
[WhiteElo "2106"]
[BlackElo "2146"]
[PlyCount "52"]
[EventDate "2009.07.20"]
[EventType "swiss"]
[EventRounds "9"]
[EventCountry "EGY"]
[SourceTitle "EXT 2011"]
[Source "ChessBase"]
[SourceDate "2010.11.26"]
[SourceVersion "1"]
[SourceVersionDate "2010.11.26"]
[SourceQuality "1"]

1. e4 d5 2. exd5 Nf6 3. d4 Nxd5 4. c4 Nf6 5. Nf3 c6 6. Nc3 Bg4 7. Be2 e6 8. Be3 Nbd7 9. h3 Bh5 10. 0-0 Bd6 11. Qb3 Qb6 12. Rfd1 Qxb3 13. axb3 Bb4 14. Ra4 a5 15. g4 Bg6 16. Ne1 0-0 17. f3 Rfd8 18. Nd3 Be7 19. g5 Nh5 20. Ne4 b6 21. Kf2 f5 22. Nd2 f4 23. Nxf4 Bxg5 24. Nxg6 Bxe3+ 25. Kxe3 hxg6 26. Ne4 Rf8 1/2-1/2

[Event "EGY-ch final"]
[Site "Cairo"]
[Date "2007.12.03"]
[Round "3"]
[White "Salah, Ahmed As"]
[Black "Elgabry, Mohsen"]
[Result "0-1"]
[WhiteElo "2069"]
[BlackElo "2333"]
[PlyCount "98"]
[EventDate "2007.12.01"]
[EventType "swiss"]
[EventRounds "9"]
[EventCountry "EGY"]
[SourceTitle "EXT 2019"]
[Source "ChessBase"]
[SourceDate "2018.10.10"]
[SourceVersion "1"]
[SourceVersionDate "2018.10.10"]
[SourceQuality "1"]

1. e4 c5 2. Nf3 d6 3. d4 cxd4 4. Nxd4 Nf6 5. Nc3 a6 6. Bg5 e6 7. f4 Be7 8. Qf3 Qc7 9. 0-0-0 Nbd7 10. Bd3 h6 11. Bh4 g5 12. fxg5 Ne5 13. Qe2 Nfd7 14. Nf3 Nxf3 15. Qxf3 hxg5 16. Bg3 Ne5 17. Qf2 Bd7 18. Kb1 Rh7 19. Rhe1 0-0-0 20. Ne2 Kb8 21. Nd4 Ka8 22. c3 Bc8 23. Bc2 Rf8 24. Nf3 f6 25. Qe3 Nc4 26. Qd4 e5 27. Qd5 Bg4 28. Bb3 Na5 29. Bc2 Bh5 30. Qd3 Rc8 31. Rc1 Bf7 32. Nd2 b5 33. h3 Rhh8 34. Bf2 Qb7 35. Ka1 Rc6 36. Bb3 Nxb3+ 37. Nxb3 Bd8 38. Rc2 a5 39. Rec1 Bc4 40. Qe3 Qf7 41. Rd2 a4 42. Rcd1 axb3 43. Rxd6 Bb6 44. Qxb6 Rxb6 45. Rxb6 b4 46. Rxb4 g4 47. Rd6 gxh3 48. Rdb6 Qa7 49. a3 h2 0-1

[Event "EGY-ch final"]
[Site "Cairo"]
[Date "2007.12.01"]
[Round "1"]
[White "Salah, Ahmed As"]
[Black "Ibrahim, Hatim"]
[Result "0-1"]
[WhiteElo "2069"]
[BlackElo "2280"]
[PlyCount "98"]
[EventDate "2007.12.01"]
[EventType "swiss"]
[EventRounds "9"]
[EventCountry "EGY"]
[SourceTitle "EXT 2019"]
[Source "ChessBase"]
[SourceDate "2018.10.10"]
[SourceVersion "1"]
[SourceVersionDate "2018.10.10"]
[SourceQuality "1"]

1. e4 c5 2. Nf3 g6 3. c4 Bg7 4. d4 cxd4 5. Nxd4 Nc6 6. Nb3 Nf6 7. Nc3 0-0 8. Be2 d6 9. Be3 b6 10. 0-0 Bb7 11. f3 Rc8 12. Nd4 Ne5 13. b3 a6 14. Rc1 e6 15. f4 Ned7 16. Bf3 Qc7 17. Ndb5 axb5 18. Nxb5 Qb8 19. Nxd6 e5 20. Nxc8 Rxc8 21. Qd2 Nc5 22. Bxc5 bxc5 23. Rce1 Qc7 24. g3 Rd8 25. Qg2 Nd7 26. Bg4 exf4 27. gxf4 Re8 28. f5 Bd4+ 29. Kh1 Ne5 30. fxg6 hxg6 31. Bf5 Qe7 32. Qg3 Kg7 33. Rf4 Rh8 34. Bh3 Nd7 35. Ref1 Nf6 36. Bg2 Be5 37. Qf3 Bxf4 38. Qxf4 Bxe4 39. Bxe4 Qxe4+ 40. Qxe4 Nxe4 41. Kg2 Ra8 42. Ra1 Ra3 43. Kf3 f5 44. Ke3 Kf6 45. h4 Ke5 46. Rg1 f4+ 47. Kf3 Rxa2 48. Rd1 Rf2+ 49. Kg4 Rg2+ 0-1